Score 0/10 Timer 01:30
1 Play Today
% Correct
Magna Carta
91.7%
Mellita, domi adsum
87.9%
Manus manum lavat
86.9%
Mala fide
86.8%
Memento mori
84.9%
Magnum opus
83.5%
Mirabile visu
82.8%
Mare clausum
81.4%
Magister dixit
79.4%
Mors mihi lucrum
75.1%

Today's Daily Dose

Remove Ads.
Support Sporcle.
Get the best of Sporcle when you Go Orange. This ad-free experience offers more features, more stats, and more fun while also helping to support Sporcle. Thank you for becoming a member.

You're not logged in!

Compare scores with friends on all Sporcle quizzes.
OR
Log In

Show Comments

Extras

Top Quizzes Today


Score Distribution

Your Account Isn't Verified!

In order to create a playlist on Sporcle, you need to verify the email address you used during registration. Go to your Sporcle Settings to finish the process.

Report this User

Report this user for behavior that violates our Community Guidelines.

Details: